banner-ar

VICTIMS OF A MAP / (Record no. 6590)

MARC details
000 -الفاتح
حقل البيانات ثابتة الطول 00642nam a2200241Ia 4500
008 - عناصر البيانات ثابتة الطول - معلومات عامة
حقل البيانات ثابتة الطول 140319s9999 xx 000 0 ara d
020 ## - الرقم الدولى المعيارى للكتب
الرقم الدولى المعيارى للكتاب 086356 112 8
040 ## - مصدر الفهرسة
وكالة الفهرسة الأصلية GCL /
وكالة النسخ GCL
082 04 - رقم تصنيف ديوى العشرى
رقم التصنيف 892.71008
رقم المادة M V
100 1# - المدخل الرئيسى - إسم شخصى
الإسم الشخصى MAHMUD, DARWISH
245 10 - بيان العنوان
العنوان VICTIMS OF A MAP /
بيان المسئوليه,etc MAHMUD, DARWISH
700 1# - المدخل الاضافى - اسم شخصى
الإسم الشخصى SAMEH, AL-QASIM
700 1# - المدخل الاضافى - اسم شخصى
الإسم الشخصى ADONIS
700 1# - المدخل الاضافى - اسم شخصى
الإسم الشخصى ABDULLAH, AL-UDHARI
260 ## - PUBLICATION, DISTRIBUTION, ETC. (IMPRINT)
تاريخ النشر أو التوزيع 1984
300 ## - الوصف المادى
التعداد 20 CM ؛
أبعاد الوعاء 168 P
650 04 - المدخل الاضافى بالموضوع-مصطلح موضوعى
مصطلح موضوعي LITERATURE
650 04 - المدخل الاضافى بالموضوع-مصطلح موضوعى
مصطلح موضوعي ARABIC POETRY
650 04 - المدخل الاضافى بالموضوع-مصطلح موضوعى
مصطلح موضوعي ARABIC LITERATURE - TRANSLATION
650 04 - المدخل الاضافى بالموضوع-مصطلح موضوعى
مصطلح موضوعي ARABIC LITERATURE
942 ## - عناصر المدخل الإضافي( كوها)
مصدر التصنيف او مخطط الترفيف Dewey Decimal Classification
Koha [default] item type كتاب
260 ## - PUBLICATION, DISTRIBUTION, ETC. (IMPRINT)
-- انجلترا :
-- AL SAQI BOOKS ،
Holdings
حالة التراجع حالة الفقد حالة تلف ليس للاعارة المكان المؤقت الموقع الحالى تاريخ الاكتساب اجمالي اﻻعارات رقم الطلب الباركود تاريخ اخر مشاهدة تاريخ تفعيل السعر نوع وعاء كوها
        مكتبة القاهرة الكبرى مكتبة القاهرة الكبرى 03/26/2014   892.71008\M V 13910 03/26/2014 03/26/2014 كتاب
        مكتبة القاهرة الكبرى مكتبة القاهرة الكبرى 03/26/2014   892.71008\M V 13911 03/26/2014 03/26/2014 كتاب

Powered By

EGPV